Comprensión verbal
Saved in:
| Institution som forfatter: | |
|---|---|
| Format: | Bog |
| Sprog: | spansk |
| Udgivet: |
Madrid
ICCE
1996
|
| Serier: | Refuerzo y Desarrollo de Habilidades Mentales Básicas. Iniciación 1.5
|
| Fag: | |
| Tags: |
Tilføj Tag
Ingen Tags, Vær først til at tagge denne postø!
|
MARC
| LEADER | 00000nam a2200000 a 4500 | ||
|---|---|---|---|
| 001 | UCO7798 | ||
| 003 | CL-VaPUC | ||
| 008 | 001124e19960000SP |||||||||||||||||spa|d | ||
| 082 | 0 | 4 | |a 372.41 |b DEP |2 21 |
| 110 | 2 | |a Departamento de Investigación I.C.C.E |e author |9 452547 | |
| 245 | 1 | 0 | |a Comprensión verbal |
| 300 | |a 111 p | ||
| 942 | |c BK | ||
| 945 | |d 20001124 00:00:00 |a rbrito | ||
| 260 | |a Madrid |b ICCE |c 1996 | ||
| 650 | 0 | |a Enseñanza del lenguaje |9 373325 | |
| 650 | 0 | |a Enseñanza de la lectura |9 308364 | |
| 650 | 0 | |a Educación básica |9 224933 | |
| 650 | 0 | |a Comprensión |9 339377 | |
| 583 | |a last modification |c 20001124 00:00:00 |k Rodrigo Vera | ||
| 490 | 0 | |a Refuerzo y Desarrollo de Habilidades Mentales Básicas. Iniciación 1.5 | |
| 999 | |c 292674 |d 292672 | ||
| 952 | |0 0 |1 0 |4 0 |6 372_410000000000000_DEP_1996 |7 0 |8 A |9 343721 |a BIBEDU |b BIBEDU |d 2019-11-20 |i 3660303 |o 372.41 DEP 1996 |p 3660303 |r 2019-11-20 |w 2019-11-20 |y BK |k BME | ||